Closest Genetic Populations to the North Macedonians - Statistics

General Stats
  • This quiz has been taken 20 times
  • The average score is 8 of 12
Answer Stats
Genetic Distance Ethnicity % Correct
1.074 Bulgarian
95%
2.121 Greek
95%
1.265 Serb
95%
2.983 Croat
84%
2.779 Albanian
79%
2.394 Italian
74%
1.301 Montenegrin
68%
1.037 Romanian
68%
3.862 Hungarian
63%
2.314 Bosniak
47%
3.336 French
32%
1.792 Gagauz
21%
No matching quizzes found
Score Distribution
Percent of People with Each Score
Percentile by Number Answered
Your Score History
You have not taken this quiz